<?xml version="1.0" encoding="UTF-8"?>
<record
    xmlns:xsi="http://www.w3.org/2001/XMLSchema-instance"
    xsi:schemaLocation="http://www.loc.gov/MARC21/slim http://www.loc.gov/standards/marcxml/schema/MARC21slim.xsd"
    xmlns="http://www.loc.gov/MARC21/slim">

  <leader>00913nam a2200193 u 4500</leader>
  <controlfield tag="001">000012780</controlfield>
  <controlfield tag="003">DO-SdBNP</controlfield>
  <controlfield tag="005">20250626105225.0</controlfield>
  <controlfield tag="008">100806s1997    dr      r     000 0 spa d</controlfield>
  <datafield tag="040" ind1=" " ind2=" ">
    <subfield code="a">DO-SdBNP</subfield>
    <subfield code="b">spa</subfield>
    <subfield code="c">BNPHU</subfield>
  </datafield>
  <datafield tag="082" ind1=" " ind2=" ">
    <subfield code="a">372.7</subfield>
    <subfield code="b">M839m</subfield>
  </datafield>
  <datafield tag="100" ind1="1" ind2=" ">
    <subfield code="a">Morel, Roberto</subfield>
    <subfield code="9">29572</subfield>
  </datafield>
  <datafield tag="245" ind1="1" ind2="0">
    <subfield code="a">Matem&#xE1;tica superior /</subfield>
    <subfield code="c">Roberto Morel, Eduardo Ventura.</subfield>
  </datafield>
  <datafield tag="260" ind1=" " ind2=" ">
    <subfield code="a">Santo Domingo :</subfield>
    <subfield code="b">UCSD,</subfield>
    <subfield code="c">1997.</subfield>
  </datafield>
  <datafield tag="300" ind1=" " ind2=" ">
    <subfield code="a">123 p. ;</subfield>
    <subfield code="c">28 cm.</subfield>
  </datafield>
  <datafield tag="505" ind1="0" ind2=" ">
    <subfield code="t">L&#xF3;gica matem&#xE1;tica --</subfield>
    <subfield code="t">Teor&#xED;a de conjuntos --</subfield>
    <subfield code="t">Conjunto num&#xE9;rico --</subfield>
    <subfield code="t">Expresiones algebraicas --</subfield>
    <subfield code="t">Potencias y radicales --</subfield>
    <subfield code="t">Relaciones y funciones --</subfield>
    <subfield code="t">Productos y cocientes notables --</subfield>
    <subfield code="t">Factorizaci&#xF3;n --</subfield>
    <subfield code="t">M&#xE1;ximo com&#xFA;n divisor y m&#xED;nimo com&#xFA;n m&#xFA;ltiplo --</subfield>
    <subfield code="t">Fracciones algebraicas --</subfield>
    <subfield code="t">Ecuaciones de primer grado --</subfield>
    <subfield code="t">Ecuaciones de segundo grado --</subfield>
    <subfield code="t">Inecuaciones de primer grado --</subfield>
  </datafield>
  <datafield tag="650" ind1=" " ind2="4">
    <subfield code="a">Matem&#xE1;ticas</subfield>
    <subfield code="x">Libros de texto</subfield>
    <subfield code="9">29573</subfield>
  </datafield>
  <datafield tag="942" ind1=" " ind2=" ">
    <subfield code="2">ddc</subfield>
    <subfield code="c">LBS1</subfield>
  </datafield>
  <datafield tag="952" ind1=" " ind2=" ">
    <subfield code="0">0</subfield>
    <subfield code="1">0</subfield>
    <subfield code="7">1</subfield>
    <subfield code="8">PD</subfield>
    <subfield code="a">PD</subfield>
    <subfield code="b">PD</subfield>
    <subfield code="c">CT</subfield>
    <subfield code="d">2009-11-17</subfield>
    <subfield code="i">LF1</subfield>
    <subfield code="l">0</subfield>
    <subfield code="o">372.7 M839m</subfield>
    <subfield code="p">12780-10</subfield>
    <subfield code="r">2020-06-25</subfield>
    <subfield code="w">2020-06-25</subfield>
    <subfield code="y">LFPD</subfield>
    <subfield code="Z">No se presta</subfield>
  </datafield>
  <datafield tag="999" ind1=" " ind2=" ">
    <subfield code="c">12431</subfield>
    <subfield code="d">12431</subfield>
  </datafield>
</record>
